[Event "XIII MIEDZYNARODOWY FESTIWAL SZACHOWY PERLA BALTYKU - GRUPA A"]
[Site "LAZY - OW BRYZA"]
[Date "1899-12-30"]
[Round "4.15"]
[White "Lascar, Radoslawa"]
[Black "Kosiba, Marcin"]
[Result "1-0"]
[WhiteTitle "I+"]
[BlackTitle "II"]
[WhiteElo "1775"]
[BlackElo "1832"]

1. e4 Nc6 2. Nf3 f5 3. exf5 d5 4. Bb5 Bxf5 5. d4 Bg4 6. O-O Qd6 7. Qd3 Bd7 8. Bxc6
Bxc6 9. Re1 O-O-O 10. Ng5 Nh6 11. Ne6 Rd7 12. c3 Rd8 13. Bf4 Qd7 14. Nxd8 Kxd8
15. h3 g6 16. Nd2 Nf7 17. Nf3 Bg7 18. Ne5 Nxe5 19. Bxe5 Bf6 20. Qc2 Rf8 21. a4
Qc8 22. b4 Bd7 23. Qe2 Bh4 24. Bg3 Bf6 25. b5 h5 26. Kh2 Bf5 27. f3 g5 28. Be5
Qd7 29. g4 hxg4 30. hxg4 Bxe5+ 31. dxe5 Be6 32. Kg3 Kc8 33. Qe3 b6 34. Qxg5 d4
35. cxd4 Bd5 36. Re3 e6 37. Rc1 Kb7 38. Rec3 Rc8 39. R1c2 a6 40. Qc1 a5 41. Rh2
c6 42. Qc2 Rc7 43. bxc6+ Bxc6 44. Rd2 Qd5 45. f4 Qh1 46. Qd1 Qd5 47. Rh2 Rf7 48.
g5 Qe4 49. Rf2 Rh7 50. Qc2 Qxc2 51. Rfxc2 Bxa4 52. Rc1 Be8 53. Rc8 Bg6 54. Rg8
Bf5 55. g6 Rh3+ 56. Kg2 Rh4 57. Kf3 Rh3+ 58. Kg2 Rh4 59. Kf3 Rh3+ 60. Kf2 Rh4
61. Rg1 Rxf4+ 62. Ke3 Re4+ 63. Kf3 Bxg6 64. R8xg6 Rxd4 65. Rxe6 a4 66. Rb1 1-0

[Event "XIII MIEDZYNARODOWY FESTIWAL SZACHOWY PERLA BALTYKU - GRUPA A"]
[Site "LAZY - OW BRYZA"]
[Date "1899-12-30"]
[Round "4.16"]
[White "Zamarska, Sylwia"]
[Black "Kostecka, Marika"]
[Result "0-1"]
[WhiteTitle "I++"]
[BlackTitle "I++"]
[WhiteElo "1622"]
[BlackElo "1809"]

1. d4 Nf6 2. Nf3 c5 3. d5 b5 4. c4 g6 5. cxb5 a6 6. bxa6 Bxa6 7. Nc3 d6 8. e4 Bxf1
9. Kxf1 Bg7 10. g3 O-O 11. Kg2 Nbd7 12. h3 Qb6 13. Re1 Ne8 14. Qc2 Nc7 15. Bf4
Rfb8 16. Re2 Qb7 17. Rd1 Nb6 18. b3 Ra5 19. Red2 Rd8 20. h4 Na6 21. Qc1 c4 22.
Nd4 Nb4 23. a3 Nd3 24. Rxd3 cxd3 25. Nc6 Rc5 26. Nxd8 Qc7 27. Nc6 Rxc3 28. Qb1
e6 29. Rxd3 exd5 30. exd5 Nxd5 31. Nd4 Nxf4+ 32. gxf4 Rc1 33. Qb2 Qb7+ 34. f3
Qc8 35. Qe2 Qd8 36. Qe3 Ra1 37. Qf2 Bf6 38. Nc6 Qc7 39. Nb4 Qc1 40. Kh3 Qxf4 41.
Qg3 Rh1+ 42. Kg2 Rg1+ 43. Kxg1 Qxg3+ 0-1

[Event "XIII MIEDZYNARODOWY FESTIWAL SZACHOWY PERLA BALTYKU - GRUPA A"]
[Site "LAZY - OW BRYZA"]
[Date "1899-12-30"]
[Round "4.17"]
[White "Zadkowski, Zbigniew"]
[Black "Przerwa, Waldemar"]
[Result "0-1"]
[WhiteTitle "II"]
[BlackTitle "I"]
[WhiteElo "1584"]
[BlackElo "1780"]

1. e4 e6 2. d4 d5 3. exd5 exd5 4. c4 Bb4+ 5. Nc3 Ne7 6. a3 Bxc3+ 7. bxc3 O-O 8.
Nf3 c5 9. Bd3 h6 10. O-O cxd4 11. cxd4 dxc4 12. Bxc4 Nbc6 13. Bb2 Nd5 14. Ne5
Be6 15. Nxc6 bxc6 16. Rc1 Rb8 17. Qc2 Qb6 18. Ba1 Qa5 19. Bb2 Rb6 20. Rfe1 Rfb8
21. Ba1 Qxa3 22. Bxd5 Bxd5 23. Re3 Qd6 24. Rce1 g6 25. Bc3 Kg7 26. Bd2 Rb2 27.
Qd3 R8b3 28. Qe2 Qf6 29. Rxb3 Rxb3 30. Be3 Ra3 31. Qd1 Ra2 32. Re2 Rxe2 33. Qxe2
Qf5 34. h3 Qe4 35. f3 Qb1+ 36. Kf2 Qb5 37. Qd2 g5 38. h4 f6 39. g3 Qb1 40. hxg5
hxg5 41. Qa5 Qh1 42. Qxa7+ Kg6 43. Qe7 Qxf3+ 44. Ke1 Qxg3+ 45. Kd2 Qg2+ 46. Kc3
Qe4 47. Qxe4+ Bxe4 48. Kd2 Kh5 49. Ke2 Kg4 50. Kf2 f5 51. Bd2 f4 52. Bb4 Kf5 53.
Bd2 Bd5 54. Bc3 Ke4 55. Ke2 g4 56. Bb2 g3 57. Bc3 Bc4+ 58. Ke1 f3 0-1

[Event "XIII MIEDZYNARODOWY FESTIWAL SZACHOWY PERLA BALTYKU - GRUPA A"]
[Site "LAZY - OW BRYZA"]
[Date "1899-12-30"]
[Round "4.18"]
[White "Gorkiewicz, Mateusz"]
[Black "Wolaniecki, Patryk"]
[Result "1/2-1/2"]
[WhiteTitle "II+"]
[BlackTitle "I"]
[WhiteElo "1764"]
[BlackElo "1597"]

1. e4 c5 2. Nf3 Nc6 3. d4 cxd4 4. Nxd4 Nf6 5. Nc3 e6 6. Nxc6 bxc6 7. e5 Nd5 8.
Nxd5 cxd5 9. Bd3 d6 10. Bf4 Qa5+ 11. Qd2 Qxd2+ 12. Kxd2 dxe5 13. Bxe5 f6 14. Bg3
e5 15. c3 Bd6 16. Rad1 Be6 17. Rhe1 Kf7 18. Bc2 Rab8 19. Bb3 d4 20. Kc2 Bxb3+
21. axb3 Rhc8 22. Rd3 Rb7 23. f3 Rb5 24. Ra1 a5 25. Rf1 g5 26. Ra1 Be7 27. Be1
Bd8 28. Ra3 Be7 29. Ra4 Bb4 30. Kd1 Bxc3 31. bxc3 Rxb3 32. Kc2 Rb5 33. Bd2 Rbc5
34. Ra3 Kg6 35. Kd1 dxc3 36. Rdxc3 Rxc3 37. Bxc3 a4 38. Kd2 Ra8 39. Kd3 h5 40.
Ke3 Ra6 41. Ke4 Ra8 42. Bb2 Rc8 43. Kd3 Rd8+ 44. Ke3 Rc8 45. Bc3 Kf5 46. Kd3 Ra8
47. Ke3 Rc8 48. Kd3 1/2-1/2

[Event "XIII MIEDZYNARODOWY FESTIWAL SZACHOWY PERLA BALTYKU - GRUPA A"]
[Site "LAZY - OW BRYZA"]
[Date "1899-12-30"]
[Round "4.19"]
[White "Zerafa, Patrick"]
[Black "Zabron, Maksym"]
[Result "0-1"]
[WhiteTitle "CM"]
[BlackTitle "I"]
[WhiteElo "2046"]
[BlackElo "1625"]

1. d4 Nf6 2. c4 c5 3. d5 b5 4. cxb5 a6 5. bxa6 Bxa6 6. Nc3 d6 7. g3 g6 8. Bg2 Bg7
9. Nh3 O-O 10. O-O Nbd7 11. Qc2 Qa5 12. Nf4 Rfb8 13. Rb1 Rb7 14. Bd2 Rab8 15.
Rfd1 Ng4 16. Be1 Nge5 17. Na4 Qc7 18. b3 Rc8 19. Bh3 Qb8 20. Nb2 c4 21. b4 c3
22. Nbd3 Bxd3 23. Nxd3 f5 24. a3 Ra7 25. Rb3 Nc4 26. Bxc3 Nxa3 27. Qd2 Ne5 28.
Nxe5 Bxe5 29. Bxe5 dxe5 30. e4 Rc2 31. Qe3 Nc4 32. Qd3 Raa2 33. Rc3 Rxc3 34. Qxc3
Nd6 35. exf5 Ne4 36. Qe3 Nxf2 37. Qxf2 Rxf2 38. Kxf2 Qxb4 39. fxg6 hxg6 40. Be6+
Kg7 41. Re1 Qd4+ 42. Kf3 Qd3+ 43. Kf2 e4 44. Bh3 Qf3+ 45. Kg1 e3 46. Rf1 Qxd5
47. Bg4 Qd2 0-1

[Event "XIII MIEDZYNARODOWY FESTIWAL SZACHOWY PERLA BALTYKU - GRUPA A"]
[Site "LAZY - OW BRYZA"]
[Date "1899-12-30"]
[Round "4.20"]
[White "Dluzynski, Krzysztof"]
[Black "Wacior, Maciej"]
[Result "0-1"]
[WhiteTitle "II"]
[BlackTitle "I++"]
[WhiteElo "1547"]
[BlackElo "2025"]

1. d4 d5 2. c4 e6 3. Nf3 c6 4. Nc3 Nf6 5. Bg5 Be7 6. e3 h6 7. Bh4 Nbd7 8. Bd3 a6
9. cxd5 exd5 10. O-O O-O 11. Rc1 Ne4 12. Bxe7 Qxe7 13. Qc2 f5 14. Rce1 Rf6 15.
Nd2 Re6 16. Ne2 g5 17. Ng3 Nxg3 18. hxg3 f4 19. gxf4 gxf4 20. Bf5 Rf6 21. exf4
Qf7 22. Bh3 Nf8 23. Bxc8 Rxc8 24. g3 Qh5 25. Re5 Qg4 26. f5 Qxd4 27. Nf3 Qg4 28.
Kg2 Rd8 29. Rd1 Nd7 30. Rd4 Qg7 31. Re3 Rdf8 32. Nh4 Rd6 33. Qe2 Qxd4 34. Re7
Rf7 35. Re8+ Nf8 36. Qh5 Qf6 37. g4 Qg5 38. Qxg5+ hxg5 39. Ng6 d4 40. Ne5 d3 41.
Nxf7 d2 42. Nxd6 d1=Q 43. Ne4 Qxg4+ 44. Ng3 Kf7 45. Rb8 Qb4 46. b3 Nd7 47. Rh8
Nf6 48. Rc8 Qd6 49. Rh8 Qf4 50. Rh6 Ng4 51. Rh7+ Kg8 52. Rg7+ Kf8 53. Rxb7 Qxf2+
54. Kh3 Ne3 0-1

[Event "XIII MIEDZYNARODOWY FESTIWAL SZACHOWY PERLA BALTYKU - GRUPA A"]
[Site "LAZY - OW BRYZA"]
[Date "1899-12-30"]
[Round "4.21"]
[White "Ciesielski, Jan"]
[Black "Pietras, Maksymilian"]
[Result "1/2-1/2"]
[WhiteTitle "II+"]
[BlackTitle "II+"]
[WhiteElo "1669"]
[BlackElo "1615"]

1. d4 Nf6 2. c4 e6 3. Nc3 d5 4. Bg5 Nbd7 5. e3 c6 6. Nf3 Bd6 7. Bd3 dxc4 8. Bxc4
O-O 9. O-O h6 10. Bh4 Re8 11. Rc1 Qa5 12. Qc2 Nd5 13. Rfd1 Nxc3 14. Qxc3 Qxc3
15. Rxc3 Nb6 16. Bg3 Nxc4 17. Rxc4 Rd8 18. Rdc1 Kf8 19. Kf1 Ke7 20. Ke2 f6 21.
e4 Bxg3 22. hxg3 Bd7 23. Ke3 Be8 24. R4c3 Rd7 25. Rd3 1/2-1/2

[Event "XIII MIEDZYNARODOWY FESTIWAL SZACHOWY PERLA BALTYKU - GRUPA A"]
[Site "LAZY - OW BRYZA"]
[Date "1899-12-30"]
[Round "4.22"]
[White "Plocica, Krzysztof"]
[Black "Kukula, Karol"]
[Result "0-1"]
[WhiteTitle "II"]
[BlackTitle "I"]
[WhiteElo "1439"]
[BlackElo "1656"]

1. e4 Nf6 2. e5 Nd5 3. d4 d6 4. Nf3 Nc6 5. Bb5 a6 6. Bc4 e6 7. a4 Nb6 8. Bg5 f6
9. exf6 gxf6 10. Bxe6 Bxe6 11. a5 Nd5 12. c4 fxg5 13. cxd5 Bxd5 14. O-O Qd7 15.
Re1+ Be7 16. Nxg5 O-O-O 0-1

[Event "XIII MIEDZYNARODOWY FESTIWAL SZACHOWY PERLA BALTYKU - GRUPA A"]
[Site "LAZY - OW BRYZA"]
[Date "1899-12-30"]
[Round "4.23"]
[White "Rejniak, Zuzanna"]
[Black "Kabacinski, Krzysztof"]
[Result "1-0"]
[WhiteTitle "I+"]
[BlackTitle "II"]
[WhiteElo "1628"]
[BlackElo "1556"]

1. e4 c5 2. Nf3 d6 3. d4 cxd4 4. Nxd4 Nf6 5. Nc3 g6 6. f4 Nc6 7. Nxc6 bxc6 8. e5
Nd7 9. exd6 exd6 10. Be3 Nf6 11. Qd2 Be7 12. h3 Nh5 13. g4 Ng3 14. Rg1 Bh4 15.
O-O-O Nxf1 16. Rgxf1 d5 17. Bc5 Be6 18. f5 Bc8 19. Qe2+ Kd7 1-0

[Event "XIII MIEDZYNARODOWY FESTIWAL SZACHOWY PERLA BALTYKU - GRUPA A"]
[Site "LAZY - OW BRYZA"]
[Date "1899-12-30"]
[Round "4.24"]
[White "Pisarek, Elzbieta"]
[Black "Bucko, Wieslaw"]
[Result "1-0"]
[WhiteTitle "I"]
[BlackTitle "II"]
[WhiteElo "1397"]
[BlackElo "1549"]

1. e4 c6 2. d4 d5 3. Nd2 dxe4 4. Nxe4 Bf5 5. Ng3 Bg6 6. h4 h6 7. Nf3 Nd7 8. h5
Bh7 9. Bd3 Bxd3 10. Qxd3 Ngf6 11. Bd2 e6 12. O-O-O b5 13. Kb1 a5 14. Ne4 Be7 15.
Nxf6+ Nxf6 16. Ne5 Qd5 17. f3 Bb4 18. g4 Nd7 19. Nxd7 Qxd7 20. Rhe1 O-O 21. f4
c5 22. c3 c4 23. Qh3 Bd6 24. g5 f5 25. gxh6 gxh6 26. Qg3+ Qg7 27. Qxg7+ Kxg7 28.
Rxe6 Rf6 29. Rg1+ Kf7 30. Rxf6+ Kxf6 31. Rg6+ Ke7 32. Rxh6 Rg8 33. Rh7+ Ke6 34.
a3 Rg2 35. Be3 Re2 36. Rh6+ Ke7 37. Bc1 Rf2 38. Rh7+ Ke6 39. h6 Rh2 40. Rh8 Rh1
41. h7 Kf7 42. Rd8 Bf8 43. Rb8 b4 44. axb4 axb4 45. cxb4 Rxh7 46. Rb7+ Be7 47.
d5 Rh6 48. Be3 Ke8 49. b5 Bd8 50. Bc5 Rh2 51. b6 Bf6 52. Ba3 Rd2 53. d6 Kd8 54.
Rc7 Bxb2 55. b7 1-0

[Event "XIII MIEDZYNARODOWY FESTIWAL SZACHOWY PERLA BALTYKU - GRUPA A"]
[Site "LAZY - OW BRYZA"]
[Date "1899-12-30"]
[Round "4.25"]
[White "Mazalon, Mariusz"]
[Black "Budrewicz, Henryk"]
[Result "1-0"]
[WhiteTitle "k"]
[BlackTitle "I"]
[WhiteElo "2050"]
[BlackElo "1488"]

1. e4 c6 2. Nc3 d6 3. d4 Qc7 4. a4 a5 5. f4 e5 6. Nf3 Bg4 7. d5 Nd7 8. h3 Bxf3
9. Qxf3 Be7 10. Bd3 exf4 11. Bxf4 Ne5 12. Qf2 Bf6 13. O-O-O Ne7 14. Be2 N7g6 15.
Be3 Nd7 16. Nb1 O-O 17. h4 Rfe8 18. h5 Nge5 19. b3 Rac8 20. c4 b5 21. dxc6 Qxc6
22. axb5 Qxb5 23. Kd2 Qb4+ 24. Nc3 Nc5 25. Bxc5 dxc5 26. Rc1 Bg5+ 27. Kc2 Bxc1
28. Rxc1 Rb8 29. Rb1 Nc6 30. Nd5 Nd4+ 31. Kd1 Qb7 32. Bd3 Qd7 33. Qg3 Qd8 34.
e5 Kh8 35. Qf4 Rf8 36. h6 g6 37. Bc2 Ne6 38. Qf2 Qg5 39. Qf6+ Qxf6 40. Nxf6 Rfd8+
41. Nd5 Nf4 42. Be4 Ne6 43. Kd2 a4 44. bxa4 Rxb1 45. Bxb1 Rb8 46. Bc2 Nd4 47.
Be4 Rb2+ 48. Kc3 Rb3+ 49. Kd2 Ra3 50. Nb6 Ra2+ 51. Kc3 Kg8 52. Bd5 Ne6 53. Kb3
Ra1 54. Kb2 Re1 55. Nd7 Re2+ 56. Ka3 Re1 57. Bxe6 fxe6 58. Nxc5 Rxe5 59. Kb4 Re1
60. a5 Rb1+ 61. Nb3 Rb2 62. a6 Ra2 63. Na5 Rb2+ 64. Kc5 Rb8 65. a7 Re8 66. Nc6
Ra8 67. Kb6 Kf7 68. Kb7 Rxa7+ 69. Nxa7 e5 70. Nb5 e4 71. Nd6+ 1-0

[Event "XIII MIEDZYNARODOWY FESTIWAL SZACHOWY PERLA BALTYKU - GRUPA A"]
[Site "LAZY - OW BRYZA"]
[Date "1899-12-30"]
[Round "4.26"]
[White "Pisarek, Jan"]
[Black "Wojcik, Jagoda"]
[Result "1-0"]
[WhiteTitle "II"]
[BlackTitle "I+"]
[WhiteElo "1318"]
[BlackElo "1730"]

1. f4 d5 2. Nf3 Nf6 3. e3 Nc6 4. Bb5 Bd7 5. O-O e6 6. b3 Bc5 7. Bb2 Qe7 8. d4 Bd6
9. Nbd2 O-O 10. Bxc6 Bxc6 11. Ne5 Nd7 12. Rf3 f6 13. Nxd7 Bxd7 14. c4 b6 15. Rc1
c5 16. Rg3 Rac8 17. Qf1 Bc6 18. Rh3 e5 19. Qd3 e4 20. Qe2 Qf7 21. cxd5 Bxd5 22.
Nc4 Be7 23. f5 b5 24. Nd2 c4 25. bxc4 bxc4 26. Rh4 Bb4 27. Bc3 Bxc3 28. Rxc3 Qb7
29. Kf2 Qb2 30. Nxe4 Rb8 31. Rc2 Qa1 32. Nc3 Bf7 33. Rf4 Rfe8 34. Kg3 a5 35. Rf2
a4 36. e4 Qg1 37. Qd2 h5 38. Rc1 h4+ 39. Kh3 g5 40. Rxg1 1-0

[Event "XIII MIEDZYNARODOWY FESTIWAL SZACHOWY PERLA BALTYKU - GRUPA A"]
[Site "LAZY - OW BRYZA"]
[Date "1899-12-30"]
[Round "4.27"]
[White "Szeliga, Sebastian"]
[Black "Starosta, Martyna"]
[Result "0-1"]
[WhiteTitle "II"]
[BlackTitle "WCM"]
[WhiteElo "1310"]
[BlackElo "1591"]

1. e4 c5 2. Nf3 e6 3. d4 cxd4 4. Nxd4 Nf6 5. Bd3 d5 6. exd5 Nxd5 7. c3 Nc6 8. Bb5
Bd7 9. Bxc6 Bxc6 10. O-O Bd6 11. Nd2 O-O 12. Nc4 Bc7 13. Qg4 Qf6 14. Qh5 h6 15.
Re1 Rac8 16. Nxc6 bxc6 17. Be3 Nxe3 18. Rxe3 Qf4 19. Ne5 g6 20. Qe2 Bxe5 21. Rxe5
Rfd8 22. Re3 Rd7 23. g3 Qd6 24. Kf1 Qd5 25. f3 Rcd8 26. Kf2 Qc5 27. b4 Qh5 28.
Qf1 Qxh2+ 29. Qg2 Rd2+ 0-1

[Event "XIII MIEDZYNARODOWY FESTIWAL SZACHOWY PERLA BALTYKU - GRUPA A"]
[Site "LAZY - OW BRYZA"]
[Date "1899-12-30"]
[Round "4.28"]
[White "Lazniewski, Tadeusz"]
[Black "Bialek, Alicja"]
[Result "1/2-1/2"]
[WhiteTitle "II"]
[BlackTitle "I"]
[WhiteElo "1401"]
[BlackElo "1367"]

1. e4 c5 2. c3 e5 3. Nf3 Nc6 4. Bc4 a6 5. d3 Be7 6. a3 Nf6 7. Qb3 O-O 8. Ng5 d5
9. exd5 Na5 10. Qd1 Nxc4 11. dxc4 Nxd5 12. Nxf7 Rxf7 13. Qxd5 Qxd5 14. cxd5 b5
15. a4 Bb7 16. axb5 axb5 17. Rxa8+ Bxa8 18. O-O Bxd5 19. Re1 Bf6 20. Be3 Rc7 21.
Bd2 Rb7 22. Be3 Rc7 23. Nd2 b4 24. c4 Be6 25. b3 Bf5 26. Ra1 Bd3 27. Ra5 Be7 28.
g3 Bc2 29. f3 Rd7 30. Ra2 Rxd2 31. Bxd2 Bxb3 32. Ra8+ Kf7 33. Kf2 Bxc4 34. Bc1
Bd3 35. Bb2 c4 36. Rc8 Ke6 37. Ke3 Kd7 38. Rb8 Bf1 39. Rb7+ Ke6 40. Rc7 Bg5+ 41.
f4 exf4+ 42. gxf4 Bf6 43. Bxf6 Kxf6 44. Kd2 Bd3 45. Rb7 b3 46. Kc3 Kf5 47. Rxg7
Kxf4 48. Rg3 h5 49. Rg8 Kf3 1/2-1/2

[Event "XIII MIEDZYNARODOWY FESTIWAL SZACHOWY PERLA BALTYKU - GRUPA A"]
[Site "LAZY - OW BRYZA"]
[Date "1899-12-30"]
[Round "5.1"]
[White "Wozniak, Mariola"]
[Black "Kaczmarek, Aleksander"]
[Result "1/2-1/2"]
[WhiteTitle "WIM"]
[BlackTitle "FM"]
[WhiteElo "2204"]
[BlackElo "2363"]

1. e4 c5 2. d4 cxd4 3. c3 d3 4. Bxd3 g6 5. Nf3 Bg7 6. Be3 Nc6 7. O-O Nf6 8. h3
d6 9. Qd2 O-O 10. Na3 a6 11. Nc4 Nd7 1/2-1/2

[Event "XIII MIEDZYNARODOWY FESTIWAL SZACHOWY PERLA BALTYKU - GRUPA A"]
[Site "LAZY - OW BRYZA"]
[Date "1899-12-30"]
[Round "5.2"]
[White "Sygulski, Pawel"]
[Black "Swiech, Przemyslaw"]
[Result "1/2-1/2"]
[WhiteTitle "k"]
[BlackTitle "I++"]
[WhiteElo "2143"]
[BlackElo "2176"]

1. c4 e5 2. Nc3 Nf6 3. g3 d5 4. cxd5 Nxd5 5. Bg2 Be6 6. Nf3 Nc6 7. O-O Be7 8. d4
exd4 9. Nxd4 Nxd4 10. Qxd4 Nxc3 11. Qxc3 O-O 12. Bf4 Bf6 13. Be5 Bxe5 14. Qxe5
c6 15. a4 a5 16. Rfd1 Qb6 17. Qd4 Qb4 18. Bf3 Ra6 19. Qe5 h6 20. h4 Raa8 21. Qd4
Qxd4 22. Rxd4 Rfd8 23. Rad1 Rxd4 24. Rxd4 Kf8 25. Bg4 c5 26. Re4 Bxg4 27. Rxg4
Rd8 28. Rc4 b6 29. Rc3 Rd6 30. Kg2 1/2-1/2

[Event "XIII MIEDZYNARODOWY FESTIWAL SZACHOWY PERLA BALTYKU - GRUPA A"]
[Site "LAZY - OW BRYZA"]
[Date "1899-12-30"]
[Round "5.3"]
[White "Mielczarski, Miroslaw"]
[Black "Nowak, Mikolaj"]
[Result "1-0"]
[WhiteTitle "k"]
[BlackTitle "I++"]
[WhiteElo "2095"]
[BlackElo "2080"]

1. d4 f5 2. c4 Nf6 3. Nc3 g6 4. Nf3 Bg7 5. g3 O-O 6. Bg2 d6 7. O-O Nc6 8. d5 Na5
9. Qd3 e5 10. dxe6 Bxe6 11. b3 Nc6 12. Bb2 Kh8 13. Nd5 Ne4 14. Bxg7+ Kxg7 15.
Nd4 Bxd5 16. cxd5 Nxd4 17. Bxe4 Nxe2+ 18. Qxe2 fxe4 19. Qxe4 Qf6 20. Rac1 Rf7
21. Rce1 Raf8 22. f4 h5 23. Rf2 Qf5 24. Qd4+ Kh7 25. h4 a6 26. Kg2 Rd8 27. Rfe2
Rdd7 28. Re6 c5 29. dxc6 bxc6 30. R1e2 Qb5 31. Re8 Rg7 32. Qf6 Qd5+ 33. Kh2 Rdf7
34. Qd8 Kh6 35. Rh8+ Rh7 36. Qg5+ Qxg5 37. hxg5+ Kg7 38. Rd8 h4 39. Rxd6 hxg3+
40. Kxg3 Rh1 41. Ree6 Rg1+ 42. Kh2 Rg4 43. Rxg6+ Kf8 44. Rgf6 Rxf4 45. Kg3 Rf5
46. Kg4 Rf2 47. Rxf2 Rxf2 48. Rf6+ Rxf6 49. gxf6 Kf7 50. Kf5 a5 51. Ke5 1-0

[Event "XIII MIEDZYNARODOWY FESTIWAL SZACHOWY PERLA BALTYKU - GRUPA A"]
[Site "LAZY - OW BRYZA"]
[Date "1899-12-30"]
[Round "5.4"]
[White "Sernecki, Franciszek"]
[Black "Czaplewska, Klara"]
[Result "1/2-1/2"]
[WhiteTitle "I"]
[BlackTitle "k+"]
[WhiteElo "2039"]
[BlackElo "1920"]

1. c4 d5 2. cxd5 Qxd5 3. Nc3 Qd8 4. d4 g6 5. Nf3 Bg7 6. h3 Nf6 7. e4 O-O 8. Be3
b6 9. Be2 Bb7 10. Qc2 Nbd7 11. O-O Rc8 12. Rfd1 e6 13. e5 Nd5 14. Nxd5 Bxd5 15.
Ba6 Ra8 16. Rac1 c5 17. dxc5 bxc5 18. Bb5 Nxe5 19. Nxe5 1/2-1/2

[Event "XIII MIEDZYNARODOWY FESTIWAL SZACHOWY PERLA BALTYKU - GRUPA A"]
[Site "LAZY - OW BRYZA"]
[Date "1899-12-30"]
[Round "5.5"]
[White "Darowicki, Mariusz"]
[Black "Tustanowski, Mateusz"]
[Result "0-1"]
[WhiteTitle "I++"]
[BlackTitle "I++"]
[WhiteElo "1931"]
[BlackElo "1916"]

1. d4 Nf6 2. c4 c5 3. d5 b5 4. cxb5 a6 5. bxa6 g6 6. e3 d6 7. Nc3 Bg7 8. Bb5+ Bd7
9. Bxd7+ Nbxd7 10. Nge2 Rxa6 11. O-O O-O 12. e4 Qb6 13. Rb1 Rb8 14. b3 Ne8 15.
Bg5 Nc7 16. Qc2 Nb5 17. Nxb5 Qxb5 18. a4 Qb7 19. Nc3 Bxc3 20. Qxc3 Qb4 21. Qh3
Rb7 22. Rfe1 Nf8 23. Qd3 Ra8 24. h4 Rab8 25. h5 e5 26. Qf3 Qb6 27. Be3 Qa6 28.
Bh6 Nd7 29. hxg6 hxg6 30. Qh3 c4 31. Re3 Nf6 32. Bg5 Nh7 33. Bh6 Qb6 34. Rc1 cxb3
35. Rc8+ Nf8 36. Re1 Rxc8 37. Qxc8 Rb8 38. Qc6 Qb4 39. Qc1 b2 40. Qb1 Nd7 41.
Be3 Qxe1+ 0-1

[Event "XIII MIEDZYNARODOWY FESTIWAL SZACHOWY PERLA BALTYKU - GRUPA A"]
[Site "LAZY - OW BRYZA"]
[Date "1899-12-30"]
[Round "5.6"]
[White "Lada, Ireneusz"]
[Black "Hilarecki, Grzegorz"]
[Result "0-1"]
[WhiteTitle "k"]
[BlackTitle "k"]
[WhiteElo "1916"]
[BlackElo "2105"]

1. c4 Nf6 2. Nc3 g6 3. g3 Bg7 4. Bg2 O-O 5. Nf3 d6 6. d3 c6 7. O-O Nbd7 8. Rb1
a5 9. a3 e5 10. Ne1 Re8 11. b4 axb4 12. axb4 Nf8 13. Qb3 Bf5 14. Nc2 Qd7 15. e4
Bh3 16. Bg5 Bxg2 17. Kxg2 Ne6 18. Be3 Ng4 19. Bd2 f5 20. f3 Nf6 21. Na4 Rad8 22.
b5 c5 23. Nb6 Qf7 24. Ra1 h5 25. Nd5 f4 26. gxf4 Nxd5 27. cxd5 Nxf4+ 28. Bxf4
Qxf4 29. Qc3 Bh6 30. Kh1 Rf8 31. Qe1 Rf6 32. Qe2 Rdf8 33. Ne1 Qh4 34. Qf2 Qh3
35. Qg2 Qd7 36. Qb2 Kh7 37. Rb1 g5 38. Rg1 g4 39. Qg2 Be3 40. Rf1 Qf7 41. Nc2
Bh6 42. Ne1 Qg6 43. h3 Qg5 44. Rb2 Qh4 45. Qh2 Bf4 46. Ng2 Qxh3 47. Qxh3 gxh3
48. Nh4 Ra8 49. Nf5 Rg6 0-1

[Event "XIII MIEDZYNARODOWY FESTIWAL SZACHOWY PERLA BALTYKU - GRUPA A"]
[Site "LAZY - OW BRYZA"]
[Date "1899-12-30"]
[Round "5.7"]
[White "Stylinski, Piotr"]
[Black "Budnik, Mateusz"]
[Result "1/2-1/2"]
[WhiteTitle "I"]
[BlackTitle "I++"]
[WhiteElo "1815"]
[BlackElo "1989"]

1. e4 c5 2. Nc3 a6 3. Nf3 b5 4. d4 cxd4 5. Nxd4 e6 6. Be2 Bb7 7. Bf3 Qc7 8. O-O
Nf6 9. Re1 d6 10. a4 b4 11. Na2 e5 12. Nb3 Nc6 13. Bd2 a5 14. c3 bxc3 15. Nxc3
Be7 16. Nb5 Qd8 17. Bc3 O-O 18. Qd2 Qb6 19. Qe3 Qxe3 20. Rxe3 Nb4 21. Rd1 Rfd8
22. Nc7 Ra7 23. Nb5 Raa8 24. Nxa5 Rxa5 25. Bxb4 Rxa4 26. Bxd6 Bxd6 27. Nxd6 Bxe4
28. Nxe4 Rxd1+ 29. Bxd1 Rxe4 30. Rxe4 Nxe4 31. Kf1 Kf8 32. Ke2 Ke7 33. Bc2 Nf6
34. Bb3 Nd7 35. Bd5 Nb6 36. Bb3 g6 37. Kd3 f5 38. Kc3 h6 39. h4 g5 40. hxg5 hxg5
41. Kd3 Kd6 42. g4 Nd7 43. gxf5 Nc5+ 44. Kc2 g4 45. f6 Nxb3 46. Kxb3 e4 47. Kc3
e3 48. Kd3 exf2 49. Ke2 Ke6 50. Kxf2 Kxf6 51. Kg3 Ke5 52. Kxg4 Kd4 53. Kf4 Kc4
54. Ke3 Kb3 55. Kd4 Kxb2 1/2-1/2

[Event "XIII MIEDZYNARODOWY FESTIWAL SZACHOWY PERLA BALTYKU - GRUPA A"]
[Site "LAZY - OW BRYZA"]
[Date "1899-12-30"]
[Round "5.8"]
[White "Kostecka, Marika"]
[Black "Kapral, Krzysztof"]
[Result "1/2-1/2"]
[WhiteTitle "I++"]
[BlackTitle "k"]
[WhiteElo "1809"]
[BlackElo "1939"]

1. e4 e6 2. d4 d5 3. Nc3 dxe4 4. Nxe4 Bd7 5. Nf3 Bc6 6. Bd3 Nd7 7. Bf4 Ngf6 8.
Qe2 Be7 9. c4 Bxe4 10. Bxe4 Nxe4 11. Qxe4 c6 12. O-O O-O 13. Rfd1 a5 14. Qe2 Re8
15. a3 Bf6 16. Ne5 Qe7 17. Rab1 a4 18. Qg4 Nb6 19. Qg3 Bxe5 20. Bxe5 f6 21. Bd6
Qd7 22. Rbc1 Nc8 23. Bb4 Rd8 24. Qg4 Qf7 25. Rc3 Nd6 26. Re1 Nf5 27. Rd3 Rd7 28.
d5 cxd5 29. cxd5 Qg6 30. Qxg6 hxg6 31. Rxe6 Rad8 32. g4 Nh6 33. g5 Ng4 34. d6
Ne5 35. Rc3 Nc6 36. Bc5 Kf7 37. Re4 Ra8 38. gxf6 gxf6 39. Rh3 f5 40. Rh7+ Kf6
41. Rxd7 fxe4 42. Rxb7 Ke6 43. Rg7 Ne5 44. Re7+ Kd5 45. Bb4 Rd8 46. Ra7 Nd3 47.
Rxa4 Nxb2 48. Ra5+ Ke6 49. Rg5 Kf6 50. Rd5 Ke6 51. Rg5 Kf6 52. Rd5 Nd3 53. Ba5
Rd7 54. Bc7 Ke6 55. Rb5 Rf7 56. Rb8 Nxf2 57. Re8+ Kd7 58. Re7+ Rxe7 59. dxe7 Nh3+
60. Kg2 Ng5 61. Bd6 Nf7 62. Bb4 Ne5 63. Kf2 Nc4 64. a4 Ne5 65. Ke3 Ng4+ 66. Kxe4
Nxh2 67. a5 Ng4 68. a6 Nf6+ 69. Ke5 Ne8 70. a7 Nc7 71. Kf6 Ke8 72. Kxg6 Na8 73.
Kf6 Nb6 74. Ke6 Nc8 75. Kd5 Nxa7 1/2-1/2

[Event "XIII MIEDZYNARODOWY FESTIWAL SZACHOWY PERLA BALTYKU - GRUPA A"]
[Site "LAZY - OW BRYZA"]
[Date "1899-12-30"]
[Round "5.9"]
[White "Bartoszewicz, Marcin"]
[Black "Lascar, Radoslawa"]
[Result "0-1"]
[WhiteTitle "I++"]
[BlackTitle "I+"]
[WhiteElo "1915"]
[BlackElo "1775"]

1. e4 c5 2. Nf3 Nc6 3. d4 cxd4 4. Nxd4 Nf6 5. Nc3 e5 6. Ndb5 d6 7. Bg5 a6 8. Na3
b5 9. Nd5 Be7 10. Bxf6 Bxf6 11. c3 Bg5 12. Nc2 O-O 13. Nce3 Bxe3 14. Nxe3 Be6
15. g3 Rb8 16. Qd3 a5 17. a3 Qb6 18. Bg2 b4 19. axb4 axb4 20. O-O Qc5 21. Rfc1
Na5 22. c4 Kh8 23. b3 Ra8 24. Rd1 Nb7 25. f4 f5 26. exf5 Bxf5 27. Qxf5 Qxe3+ 28.
Kh1 Rab8 29. Qd3 Qxd3 30. Rxd3 Nc5 31. Rxd6 exf4 32. gxf4 Nxb3 33. Rb1 Nc5 34.
Rd5 Na4 35. Rb5 Rxb5 36. cxb5 Rxf4 37. Bc6 g6 38. Kg2 Kg7 39. Rb3 Nc5 40. Rb1
Na4 41. Rb3 Nc5 42. Rb1 Na4 43. Rb3 g5 44. Re3 h5 45. Bd5 Rd4 46. Bb3 Nc5 47.
Kf3 Kf6 48. h3 Rd2 49. Bc4 Kf5 50. Bf7 g4+ 51. Kg3 Ne4+ 52. Kh4 Nf6 53. b6 Rd6
54. Bxh5 Rxb6 55. hxg4+ Kf4 56. Rb3 Rb5 57. g5 Nxh5 0-1

[Event "XIII MIEDZYNARODOWY FESTIWAL SZACHOWY PERLA BALTYKU - GRUPA A"]
[Site "LAZY - OW BRYZA"]
[Date "1899-12-30"]
[Round "5.10"]
[White "Przerwa, Waldemar"]
[Black "Malaczek, Mateusz"]
[Result "0-1"]
[WhiteTitle "I"]
[BlackTitle "II+"]
[WhiteElo "1780"]
[BlackElo "1905"]

1. e4 g6 2. d4 Bg7 3. Nf3 d6 4. h3 Nf6 5. Bd3 O-O 6. O-O Nc6 7. a3 e5 8. dxe5 dxe5
9. Be3 Nh5 10. Bg5 Bf6 11. Bxf6 Qxf6 12. Nc3 Be6 13. Nd5 Bxd5 14. exd5 Nd4 15.
Nxd4 exd4 16. g3 Qe5 17. Bc4 Nxg3 18. fxg3 Qxg3+ 19. Kh1 Qxh3+ 20. Kg1 Qg3+ 21.
Kh1 Rae8 22. Rf3 Qh4+ 23. Kg2 Re5 24. Qd3 Rfe8 25. Rh1 Rg5+ 26. Rg3 Re2+ 27. Kf1
Qxh1+ 28. Kxe2 Qh2+ 0-1

[Event "XIII MIEDZYNARODOWY FESTIWAL SZACHOWY PERLA BALTYKU - GRUPA A"]
[Site "LAZY - OW BRYZA"]
[Date "1899-12-30"]
[Round "5.11"]
[White "Jedrocha, Katarzyna"]
[Black "Losinska, Aleksandra"]
[Result "1-0"]
[WhiteTitle "k"]
[BlackTitle "I"]
[WhiteElo "1898"]
[BlackElo "1551"]

1. e4 c5 2. c3 d5 3. exd5 Qxd5 4. d4 cxd4 5. cxd4 Nc6 6. Nf3 Bg4 7. Be2 e6 8. O-O
Nf6 9. Be3 Be7 10. Nc3 Qd7 11. Ne5 Bxe2 12. Qxe2 Nxe5 13. dxe5 Nd5 14. Rac1 Bb4
15. Nxd5 Qxd5 16. Rfd1 Qxe5 17. Qc4 Bd6 18. g3 g5 19. Bd4 1-0